000 00588nam a2200205Ia 4500
003 IN-BaIIA
008 211028s9999 xx 000 0 eng d
020 _a0-672-24034-3
040 _cIIA Library
080 _a(035)621.396
_bORR
100 _aOrr, William I .
_911368
245 0 _aRadio Handbook
_cWilliam I Orr
250 _a21st ed.
260 _aIndiana
_bEditors and Engineers
_c1978
300 _a[various pagings.]
650 _aHandbooks-Radio
_911369
650 _aNASA Thesaurus
650 _aRadio-Handbooks
_911370
942 _cBK
999 _c6639
_d6639